| 000 | 00795nam a22002295i 4500 | ||
|---|---|---|---|
| 001 | 178043 | ||
| 003 | ES-MaACL | ||
| 005 | 20231207063039.0 | ||
| 008 | 110516s1966 sp f |||| | spa d | ||
| 080 | _a821.111.09 | ||
| 100 | 1 |
_aSouvirón, José María _d1904-1973 _9107605 |
|
| 245 | 1 | 0 |
_aHistoria breve de la literatura inglesa / _cJosé María Souvirón. |
| 250 | _a1ª ed. | ||
| 260 |
_aBarcelona : _bCredsa, _c1966. |
||
| 300 |
_a199, [8] p. de lám. bl. y n. ; _c18 cm. |
||
| 490 | 1 |
_aPanoramas A-Z. La universidad en su mano ; _v36 |
|
| 500 | _aÍndices. | ||
| 650 | 0 | 4 |
_aLiteratura inglesa- _xHistoria y crítica. _914628 |
| 830 | 0 |
_aPanoramas A-Z. La universidad en su mano ; _v36 _9190680 |
|
| 852 |
_aES-MaACL _jE-15086 _xOlim P-269-bis |
||
| 999 |
_c178043 _d178043 |
||